Confie em mim / (Record no. 161)

MARC details
000 -LÍDER
campo de controle de tamanho fixo 02436nam a2200313 4500
001 - NÚMERO DE CONTROLE
campo de controle 161
003 - IDENTIFICADOR DO NÚMERO DE CONTROLE
campo de controle OSt
005 - DATA E HORÁRIO DA ÚLTIMA TRANSAÇÃO
campo de controle 20250528074013.0
008 - CAMPO DE DADOS FIXOS--INFORMAÇÃO GERAL
campo de controle de tamanho fixo 250129b |||||||g |||| 00| 1 eng d
020 ## - ISBN - INTERNATIONAL STANDARD BOOK NUMBER
ISBN - International Standard Book Number 9788599296462
040 ## - FONTE DA CATALOGAÇÃO
Idioma da catalogação por
041 ## - CÓDIGO DE IDIOMA
Código do idioma do original e/ou traduções intermediárias do texto eng
Código do idioma do texto/trilha sonora ou título diferente por
082 ## - CDD - CLASSIFICAÇÃO DECIMAL DE DEWEY
Número de Classificação 813
Número do exemplar C655c
100 1# - ENTRADA PRINCIPAL--NOME PESSOAL
Nome pessoal Coben, Harlan,
Datas associadas ao nome 1962-
9 (RLIN) 309
240 ## - TÍTULO UNIFORME
Título uniforme Hold tight
245 ## - TÍTULO
Título Confie em mim /
Indicação de responsabilidade, etc. Coben, Harlan ; Tradução de Marcelo Mendes
260 ## - PUBLICAÇÃO, DISTRIBUIÇÃO, ETC.
Local de publicação, distribuição, etc. Rio de Janeiro
Nome do editor, distribuidor, etc. Sextante
Data da publicação, distribuição, etc. 2009
300 ## - DESCRIÇÃO FÍSICA
Extensão 317 p.
520 ## - NOTA DE RESUMO, ETC.
Resumo, etc. Preocupados com o comportamento cada vez mais distante de seu filho Adam – principalmente depois do suicídio de seu melhor amigo, Spencer Hill –, o Dr. Mike Baye e sua esposa, Tia, decidem instalar um programa de monitoração no computador do garoto.<br/><br/>Os primeiros relatórios não revelam nada importante. Porém, quando eles já começavam a se sentir mais tranqüilos, uma estranha mensagem muda completamente o rumo dos acontecimentos: “Fica de bico calado que a gente se safa.”<br/><br/>Perto dali, a mãe de Spencer, Betsy, encontra uma foto que levanta suspeitas sobre as circunstâncias da morte de seu filho. Ao contrário do que todos pensavam, ele não estava sozinho naquela noite fatídica. Teria sido mesmo suicídio?<br/><br/>Para tornar o caso ainda mais estranho, Adam combina ir a um jogo com o pai, mas desaparece misteriosamente. Acreditando que o garoto está correndo grande perigo, Mike não medirá esforços para encontrá-lo.<br/><br/>Quando duas mulheres são assassinadas, uma série de acontecimentos faz com que a vida de todas essas pessoas se cruzem de forma trágica, violenta e inesperada.<br/><br/>Confie em mim é um suspense eletrizante, mas também um convite à reflexão sobre temas mais profundos. Neste livro, Harlan Coben – vencedor de diversos prêmios e presença constante nas listas de mais vendidos de todo o mundo – aborda assuntos atuais, como a facilidade de acesso a informações na era da internet, e questiona os limites no relacionamento entre pais e filhos: quando é hora de intervir? Quando o melhor é simplesmente confiar? Até onde você iria para proteger as pessoas que mais ama na vida?
650 #0 - ASSUNTO--TERMO TÓPICO
Cabeçalho tópico ou nome geográfico Literatura Americana
9 (RLIN) 84
650 #0 - ASSUNTO--TERMO TÓPICO
Cabeçalho tópico ou nome geográfico Crime e Investigação
9 (RLIN) 13
650 #0 - ASSUNTO--TERMO TÓPICO
Cabeçalho tópico ou nome geográfico Mistério
9 (RLIN) 42
650 #0 - ASSUNTO--TERMO TÓPICO
Cabeçalho tópico ou nome geográfico Suspense
9 (RLIN) 10
650 #0 - ASSUNTO--TERMO TÓPICO
Cabeçalho tópico ou nome geográfico Filme
9 (RLIN) 26
655 #0 - TERMO DE ÍNDICE--GÊNERO E FORMA
Gênero/forma/ou termo foco Romance
655 #0 - TERMO DE ÍNDICE--GÊNERO E FORMA
Gênero/forma/ou termo foco Ficção
700 ## - ENTRADA ADICIONADA - NOME PESSOAL
Nome pessoal Marcelo Mendes
Função do autor por extenso Tradutor
9 (RLIN) 255
942 ## - ELEMENTOS DE ENTRADA ADICIONADOS (KOHA)
Fonte de classificação ou esquema de arquivamento Classificação decimal de Dewey
Ocultar no OPAC Não
Tipo de material Koha Livros
Holdings
Situação do descarte Situação das perdas Fonte de classificação ou esquema de arquivamento Status danificado Não pode ser emprestado Coleção Biblioteca de origem Biblioteca atual Localização na estante Data de aquisição Fonte de aquisição Total de empréstimos Número de chamada completo Código de barras Data de último acesso Data do preço efetivo Tipo de material Koha
    Classificação decimal de Dewey     Ficção Biblioteca Professor Eduardo Afonso de Castro Biblioteca Professor Eduardo Afonso de Castro Literatura Estrangeira 11.12.2013 doação   813 / C655c 2025-14813 29.01.2025 29.01.2025 Livros

Powered by Koha